Pod záštitou svatého Floriána : 150 let dobrovolného hasičského sboru v Semilech /

Hlavní autor: Navrátil, Ivo, 1953-
Jazyk: Čeština
Vydáno: Semily : Muzeum a Pojizerská galerie Semily, 2022
Vydání: První vydání
Edice: Paměť Semilska
Témata:
Fyzický popis: 151 stran, 40 nečíslovaných stran obrazových příloh : ilustrace (některé barevné), portréty, faksimile ; 21 cm + 1 list (17 mm x 23 mm)
Knihy
Uloženo v:
LEADER 02387nam a2200601 i 4500
001 nkc20233493676
003 CZ PrNK
005 20230207101735.0
007 ta
008 230117s2022 xr acfhe 000 0 cze
015 |a cnb003493676 
020 |a 978-80-907821-2-9  |q (brožováno) 
035 |a (OCoLC)1372328432 
040 |a OLA001  |b cze  |e rda 
043 |a e-xr---  |b e-xr-li  |2 czenas 
045 |a w7y2 
072 7 |a 614.84  |x Požáry. Ochrana před požáry  |2 Konspekt  |9 14 
080 |a 614.842.83  |2 MRF 
080 |a 614.84  |2 MRF 
080 |a 614.84(091)  |2 MRF 
080 |a (437.316)  |2 MRF 
080 |a (082.2)  |2 MRF 
100 1 |a Navrátil, Ivo,  |d 1953-  |7 mzk2005282478  |4 aut 
245 1 0 |a Pod záštitou svatého Floriána :  |b 150 let dobrovolného hasičského sboru v Semilech /  |c Ivo Navrátil 
250 |a První vydání 
264 1 |a Semily :  |b Muzeum a Pojizerská galerie Semily,  |c 2022 
300 |a 151 stran, 40 nečíslovaných stran obrazových příloh :  |b ilustrace (některé barevné), portréty, faksimile ;  |c 21 cm +  |e 1 list (17 mm x 23 mm) 
336 |a text  |b txt  |2 rdacontent 
337 |a bez média  |b n  |2 rdamedia 
338 |a svazek  |b nc  |2 rdacarrier 
490 1 |a Paměť Semilska ;  |v 9 
500 |a Chronologický přehled 
500 |a 300 výtisků 
504 |a Obsahuje bibliografické odkazy 
610 2 7 |a Sbor dobrovolných hasičů (Semily, Česko)  |7 ko20231176648  |2 czenas 
648 4 |a 1871-2021 
648 7 |a 19.-21. století  |7 ch757016  |2 czenas 
650 0 7 |a hasičské sbory  |7 ph162652  |z Česko  |y 19.-21. století  |2 czenas 
650 0 7 |a požární ochrana  |7 ph124487  |z Česko  |y 19.-21. století  |2 czenas 
650 0 7 |a dějiny požární ochrany  |7 ph488968  |z Česko  |y 19.-21. století  |2 czenas 
650 0 9 |a fire departments  |z Czechia  |y 19th-21st centuries  |2 eczenas 
650 0 9 |a fire protection  |z Czechia  |y 19th-21st centuries  |2 eczenas 
650 0 9 |a history of fire protection  |z Czechia  |y 19th-21st centuries  |2 eczenas 
651 7 |a Semily (Česko)  |7 ge130773  |2 czenas 
651 9 |a Semily (Czechia)  |2 eczenas 
655 7 |a jubilejní publikace  |7 fd131839  |2 czenas 
655 9 |a jubilee books  |2 eczenas 
830 0 |a Paměť Semilska  |0 s 
910 2 |a BOA001  |b 2-1501.611 
990 |a BK 
995 |a 01 
991 |b 202302  |c NOV 
996 6 |b 2610928735  |c 2-1501.611  |l MZK  |r Sklad / do 1 hodiny  |n 0  |p p.v.  |w 001912339  |u 000010  |a 1  |e BOA001  |j MZK50  |s P